Les reveries d´un Promeneur solitaire

Salvato in:
Dettagli Bibliografici
Autore principale: Rousseau, Jean-Jacques
Natura: Libro
Lingua:Undetermined
Pubblicazione: París, Francia René Rasmussen 1946
Soggetti:
Tags: Aggiungi Tag
Nessun Tag, puoi essere il primo ad aggiungerne!!

MARC

LEADER 00000nam a2200000Ia 4500
008 170316s9999 xx 000 0 und d
090 |a 100 R-41r 
100 |a Rousseau, Jean-Jacques 
245 |a Les reveries d´un Promeneur solitaire 
260 |a París, Francia 
260 |b René Rasmussen 
260 |c 1946 
300 |a 217 páginas 
650 |a FILOSOFÍA 
999 |c 17487  |d 17487 
040 |a cru BVZT 
942 |c 15 D  |h 100 R-41r  |2 z